00193nam a2200073Ia 4500008004100000082001500041245005200056300001100108230907s9999||||xx |||||||||||||| ||und|| a604.7bAER 0aAerospace materials and material technologies / a557 p.